000 00800nam a2200205Ia 4500
003 OSt
005 20250411110745.0
008 191128t2001 ck er 000 f spa d
020 _a8439591667
040 _aCO-JMCR
_cCO-JMCR
041 _aspa
082 0 4 _aA-N
_bCOEa
100 1 _aCoelho, Paulo,
_d1947
_eautor
_96578
245 1 3 _aEl alquimista /
_cPaulo Coelho ; traducción Montserrat Mira
260 _aBogota :
_bPlaneta,
_c©2001
300 _a172 páginas ;
_c22 cm.
520 _aLa historia gira en torno a Santiago, un joven pastor que vive en Andalucía, España, durante una época pasada lejana, quien tiene un sueño recurrente en el que se le desvela que encontrará un tesoro escondido en las pirámides de Egipto. Luego de consulta.
650 1 4 _aNovela
_96579
942 _2ddc
_cBK
999 _c3499
_d3499